Ducs et duchesses Valois de Bourgogne - Statistiques

Statistiques générales
  • Ce quiz a été pris 14 fois
  • Le résultat moyen est 8 sur 16
Statistiques - réponses
Réponse % Correct
Charles le Téméraire
100%
Jean sans Peur
100%
Philippe le Bon
100%
Philippe le Hardi
100%
Marie de Bourgogne
71%
Isabelle de Portugal
50%
Philippe le Beau
43%
Marguerite de Bavière
36%
Marguerite d'York
36%
Maximilien de Habsbourg
36%
Isabelle de Bourbon
29%
Jeanne de Castille
29%
Marguerite de Male
29%
Bonne d'Artois
21%
Catherine de France
14%
Michelle de France
14%
Aucun quiz correspondant
Distribution des résultats
% des personnes avec chaque résultat
Percentile par nombre de réponses
Votre historique - résultats
Vous n’avez pas pris ce quiz